000 00299nam a22001337a 4500
008 170825b xxu||||| |||| 00| 0 eng d
020 _a9780138272968
041 _aeng
080 _a070
100 _a39
101 _aMED
245 _aSPEECH EXPLORING COMUNICATION
_cREGIS.J
942 _2udc
_cBK
999 _c24995
_d24995